| 000 | 00463nam a2200181Ia 4500 | ||
|---|---|---|---|
| 005 | 20250508153840.0 | ||
| 008 | 008 250505s9999 xx 000 0 eng d | ||
| 037 | _aBooks to be hide in OPAC | ||
| 040 |
_aFEDL _beng _cFEDL |
||
| 041 |
_aeng _2eng |
||
| 084 | _qFEDL | ||
| 245 | 0 | _aVacations abroad vacances a l'etranger vacaciones en el extranjero | |
| 245 | 0 | _cUNESCO | |
| 260 | _c1955 | ||
| 300 | _a177p. | ||
| 942 | _cHB | ||
| 999 |
_c1345934 _d1345934 |
||